Perspectivas contemporǹeas en la investigacin̤ jurd̕ica

Bibliographic Details
Main Author: Alviar Garca̕, Helena
Format: eBook
Language:Spanish
Published: Bogot:̀ Universidad de Los Andes (Colombia), 2012
Subjects:
Online Access:Acceso restringido

MARC

LEADER 00000nam a22000007a 4500
005 20190510134218.0
007 cr|||| ||||
008 190510s2012 co |||||s|||| 00||0 spa d
020 |a 978-958-695-695-6 
035 |a 23355 
040 |a vLex 
090 |c 8680  |d 8680 
100 1 |a Alviar Garca̕, Helena 
245 1 0 |a Perspectivas contemporǹeas en la investigacin̤ jurd̕ica  |h [Recurso electrn̤ico] /  |c Helena Alviar Garca̕ 
256 |a Servicio en ln̕ea 
260 |a Bogot:̀  |b Universidad de Los Andes (Colombia),  |c 2012 
300 |a 1 recurso electrn̤ico 
506 1 |a Disponible solo en los productos indicados  |d vLex Global  |d vLex Global (Academic Edition, excluding Law Schools)  |d vLex Global (U.S. Academic Edition, Law Schools)  |d vLex Global (U.S. Academic Edition, excluding Law Schools)  |d vLex Global (Academic Edition, Law Schools) 
650 0 4 |a Derecho Constitucional  |z Colombia 
740 0 |a vLex Libros (Servicio en ln̕ea) 
856 4 0 |u http://vlex.com/source/perspectivas-contemporaneas-investigacion-juridica-23355  |z Acceso restringido 
942 |c BOOK 
999 0 |a Constitutional right